Интегрирование информационной власти в систему политической власти: к формированию механизма; Актуальные проблемы социальной философии

Xehetasun bibliografikoak
Parent link:Актуальные проблемы социальной философии.— 2004.— С. 50-52
Egile nagusia: Чубик А. П. Анна Петровна
Hizkuntza:errusiera
Argitaratua: 2004
Gaiak:
Formatua: Liburu kapitulua
KOHA link:https://koha.lib.tpu.ru/cgi-bin/koha/opac-detail.pl?biblionumber=176891

MARC

LEADER 00000naa2a2200000 4500
001 176891
005 20231031165414.0
035 |a (RuTPU)RU\TPU\book\191797 
090 |a 176891 
100 |a 20100309d2004 k y0rusy50 ca 
101 0 |a rus 
102 |a RU 
200 1 |a Интегрирование информационной власти в систему политической власти: к формированию механизма  |f А. П. Чубик 
463 0 |0 (RuTPU)RU\TPU\book\76422  |y 5-98298-079-9  |t Актуальные проблемы социальной философии  |o труды региональной научно-практической конференции, Томск, 28-29 октября 2004 г.  |f Томский политехнический университет  |v С. 50-52  |d 2004  |p 160 с. 
610 1 |a власть 
610 1 |a информация 
610 1 |a СМИ 
610 1 |a средства массовой информации 
610 1 |a интегрирование 
610 1 |a политическая власть 
610 1 |a труды учёных ТПУ 
700 1 |a Чубик  |b А. П.  |c аспирант каф. философии (ФИЛ) ГФ, ТПУ  |f 1980-  |g Анна Петровна  |2 stltpush  |3 (RuTPU)RU\TPU\pers\25448 
801 1 |a RU  |b 63413507  |c 20100309 
942 |c BK